| 000 | 00767nam a22002057a 4500 | ||
|---|---|---|---|
| 999 |
_c13650 _d13650 |
||
| 003 | AR-CdUCM | ||
| 008 | 190416b ||||| |||| 00| 0 spa d | ||
| 020 | _a978-612-301-808-5 | ||
| 040 |
_aMUNICIPALIDAD PROVINCIAL DEL CUSCO _cBIBLIOTECA MUNICIPAL DEL CUSCO |
||
| 082 |
_aEP / 808.6 / _bQ99 |
||
| 110 |
_aQG editores, S.A.C. _932152 |
||
| 245 | _aLa Iliada / | ||
| 260 |
_aLima : _bQG editores, S.A.C., _c2013. |
||
| 300 |
_a6 tomos ; _c20 cm. |
||
| 505 | _aContenido :T.1. El origen de la guerra -- t.2. a furia de los guerreros -- t.3. La muralla invencible -- t.4. La ira de los Dioses -- t.5. El retorno de Aquíles -- t.6. La caída de Héctor . | ||
| 650 |
_aHistorias _92725 |
||
| 650 |
_aCuentos _9217 |
||
| 942 |
_2ddc _cLIBROS |
||
| 945 |
_arum _d2019-04-16 |
||